000 00340nam a2200145Ia 4500
005 20251222154311.0
008 251222s9999||||xx |||||||||||||| ||spa||
020 _a8422619091
082 _a813.52/B64
100 _aBlock, Thomas H.
245 0 _aAterrizaje Forzoso
250 _a1ra.ed.
264 _bCĂ­rculo de Lectores
942 _cLIB
999 _c33411
_d33411